បរិស្ថាន និងការអភិវឌ្ឍន៍ដោយនិរន្តភាព (Record no. 9331)
[ view plain ]
| 000 -LEADER | |
|---|---|
| fixed length control field | 00368nam a22001217a 4500 |
| 040 ## - CATALOGING SOURCE | |
| Transcribing agency | HS |
| 082 ## - DEWEY DECIMAL CLASSIFICATION NUMBER | |
| Classification number | 333 |
| 100 ## - MAIN ENTRY--AUTHOR NAME | |
| Personal name | រតន៍ សិទ្ធិ |
| 245 ## - TITLE STATEMENT | |
| Title | បរិស្ថាន និងការអភិវឌ្ឍន៍ដោយនិរន្តភាព |
| 260 ## - PUBLICATION, DISTRIBUTION, ETC. (IMPRINT) | |
| Place of publication | Cambodia |
| Name of publisher | រតន៍ សិទ្ធិ |
| Year of publication | 2006 |
| 300 ## - PHYSICAL DESCRIPTION | |
| Number of Pages | 136p; |
| 942 ## - ADDED ENTRY ELEMENTS (KOHA) | |
| Koha item type | សៀវភៅភាសាខ្មែរ |
| 952 ## - LOCATION AND ITEM INFORMATION (KOHA) | |
| Withdrawn status [LOCAL, KOHA] | 0 |
| 952 ## - LOCATION AND ITEM INFORMATION (KOHA) | |
| Withdrawn status [LOCAL, KOHA] | 0 |
| Permanent Location | Date acquired | Koha item type | Lost status | Shelving location | Barcode | Current Location | Full call number |
|---|---|---|---|---|---|---|---|
| Library Block C | 2016-08-31 | សៀវភៅភាសាខ្មែរ | C198 | RUA045033 | Library Block C | 333 រតន៍ 2006 C198 | |
| Library Block C | 2016-09-08 | សៀវភៅភាសាខ្មែរ | C234 | RUA42073 | Library Block C | 333 រតន៍ 2006 C234 |